000 00775nam a22001937a 4500
005 20251218150755.0
008 251218b |||||||| |||| 00| 0 eng d
020 _a9788194003106
040 _cVITAP
082 _223rd Ed.
_a923.2 CHA
100 _aChandrahas, K.
_916793
245 _aNTR : A Biography
_c/ K. Chandrahas and K. Lakshminarayana
260 _aHyderabad
_bCLS Publishers LLP
300 _a636p. : ill. ; 24cm
500 _aIt includes Index Pages.
650 0 _aRama Rao, N. T. 1923-1996 (Nandamuri Taraka); Politicians -- Biography -- India -- Andhra Pradesh; Motion picture actors and actresses -- Biography -- 20th century -- India; Andhra Pradesh (India) -- Politics and Government
_916794
700 _aLakshminarayana, K.
_916796
942 _2ddc
_cREF
999 _c47129
_d47129